Responses for Show #1972 - Tuesday, March 16, 1993

Debby Arnold game 2.

Contestants

[<< previous game]

Denise Shames, an office manager from Old Orchard Beach, Maine

Dave Ewing, a computer progammer originally from Redondo Beach, California

Debby Arnold, a registered nurse from Atlanta, Georgia (whose 1-day cash winnings total $14,001)

[next game >>]

Jeopardy! Round responses

NAME THE DECADE
HEALTH & MEDICINE
PEOPLE
THE PLANETS
'50s FADS & FASHIONS
"T" TIME
    $100 15
(Debby: What is the 18th century?)
(Denise: What is the 16th century?)
(Dave: What is the 18th century?)
(Alex: Looks like you all misread the category... let's take a break!)

the 1770s

DebbyDaveDenise
Triple Stumper
    $100 1
smoking

Debby
    $100 4
Tarzan

Dave
    $100 7
(Dave: What is Jupiter?)

Saturn

DebbyDave
    $100 6
coonskin coat

Dave
    $100 10
tongue

Debby
    $200 17
the 1890s

Denise
    $200 2
marrow

Debby
    $200 5
(Dave: Who is Alan Alda?)

McLean Stevenson

DaveDenise
    $200 16
Venus

Debby
    $200 20
haircuts

Debby
    $200 11
tomahawk

Dave
    $300 18
the 1920s

Denise
    $300 3
ears

Denise
    $300 21
David Bowie

Dave
    $300 24
(Debby: What is Mars?)
(Denise: What is Pluto?)

Mercury

DebbyDenise
Triple Stumper
    $300 27
stuffing telephone booths

Denise
    $300 12
treadle

Debby
    $400 19
the 1970s

Debby
    $400 8
epilepsy

Debby
    $400 22
Jim Brown

Dave
    $400 25
Mars

Triple Stumper
    $400 29
saddle shoes

Debby
    $400 13
(Denise: What is a tetrahegon?)
(Dave: What is a tetrahedron?)

trapezoid

DebbyDaveDenise
    $500 28
the 1880s

Denise
    $500 9
low blood pressure

Debby
    $500 23
(Dave: Who is Eric Casey?)

John Poindexter

Dave
    $500 26
Uranus

Triple Stumper
    $500 30
hula hoops

Denise
    $500 14
Traveller

Dave

Scores at the first commercial break (after clue 15):

Debby Dave Denise
$2,000 $100 $0

Scores at the end of the Jeopardy! Round:

Debby Dave Denise
$2,900 $300 $1,500

Double Jeopardy! Round responses

NATIONAL PARKS
LITERARY TERMS
AMERICAN HISTORY
FATS & OILS
BIBLICAL ROYALTY
THEATRE
    $200 9
Grand Canyon

Dave
    $200 22
consciousness

Denise
    $200 1
Alaska

Debby
    $200 16
lard

Denise
    $200 17
Solomon

Dave
    $200 2
Peter Pan

Debby
    $400 10
Yellowstone

Dave
    $400 26
sonnets

Dave
    $400 7
the Alamo

Denise
    $400 19
suet

Denise
    $400 18
Exodus

Debby
    $400 3
Lily Tomlin

Debby
    $600 11
Arkansas

Denise
    $600 24
(Dave: What is passion?)

mystery

Dave
Triple Stumper
    $600 8
John Smith

Denise
    $2,000 20
(Denise: What is saturated?)

triglycerides

Denise
    $600 28
Ethiopians

Dave
    $600 4
A Man for All Seasons

Denise
    $800 14
Mammoth Cave

Triple Stumper
    $800 25
Realism

Dave
    $800 12
Gramm-Rudman

Denise
    $800 21
hydrogen

Debby
    $800 29
Caligula

Denise
    $800 5
Miss Saigon

Denise
    $1000 15
Acadia

Debby
    $1000 27
Romanticism

Debby
    $2,000 13
(Denise: Not a clue.)

Ann Rutledge

Denise
    $1000 23
(Alex: Less than a minute to go.)

linseed oil

Debby
    $1000 30
Esther

Debby
    $1000 6
Major Barbara

Dave

Scores at the end of the Double Jeopardy! Round:

Debby Dave Denise
$8,900 $3,300 $2,900
(lock game)

[wagering suggestions for these scores]

Final Jeopardy! Round responses

WORLD CITIES
(Alex: Debby, you translated the whole thing for us -- congratulations! All of it correct.)
DeniseWhat is Vera Cruz
$2,900
DaveWhat is Vera Cruz?
$2,501
DebbyWhat is Villa Rica de Veracruz?
$2,000
Veracruz

Final scores:

Debby Dave Denise
$10,900 $5,801 $5,800
2-day champion: $24,901 2nd place: a trip to Washington, D.C. 3rd place: Meade Model 312 telescope

Game dynamics:

Coryat scores:

Debby Dave Denise
$8,900 $3,800 $6,900
21 R,
2 W
13 R,
6 W
(including 1 DD)
17 R,
5 W
(including 2 DDs)

Combined Coryat: $19,600

[game clues] [game scores] [suggest correction]

Game tape date: 1992-11-18
The J! Archive is created by fans, for fans. Scraping, republication, monetization, and malicious use prohibited; this site may use cookies and collect identifying information. See terms. The Jeopardy! game show and all elements thereof, including but not limited to copyright and trademark thereto, are the property of Jeopardy Productions, Inc. and are protected under law. This website is not affiliated with, sponsored by, or operated by Jeopardy Productions, Inc. Join the discussion at JBoard.tv.